000 00170nam a2200085Ia 4500
008 180219s9999 xx 000 0 und d
100 _aNcert
245 0 _aFoot Ball
260 _aNcert
260 _c2010
999 _c41794
_d41794